Sudden Death - Nachbarländer des Sudan - Statistiken

Allgemein
  • Dieses Quiz wurde 23 mal gespielt
  • Das Durchschnittsergebnis liegt bei 5 aus 7
Answers on the Grid
Answers color-coded by a green-red scale on the quiz's grid according to % correct below.
Südsudan🇸🇸
Tschad🇹🇩
Ägypten🇪🇬
Libyen🇱🇾
Äthiopien🇪🇹
Eritrea🇪🇷
Zentralafrikanische Republik🇨🇫
Dschibuti🇩🇯
Somalia🇸🇴
Uganda🇺🇬
Ruanda🇷🇼
Burundi🇧🇮
D.R. Kongo🇨🇩
Algerien🇩🇿
Tunesien🇹🇳
Marokko🇲🇦
Niger🇳🇪
Nigeria🇳🇬
Republik Kongo🇨🇬
Kenia🇰🇪
Tansania🇹🇿
Kamerun🇨🇲
 
Antwortstatistiken
Antwort % Korrekt
Südsudan🇸🇸
100%
Ägypten🇪🇬
85%
Tschad🇹🇩
70%
Äthiopien🇪🇹
65%
Libyen🇱🇾
60%
Eritrea🇪🇷
45%
Zentralafrikanische Republik🇨🇫
40%
Keine übereinstimmenden Quizze gefunden
Verteilung der Resultate
Anzahl Personen mit jedem Resultat
Perzentil nach korrekt beantworteten Fragen
Ihre Resultats-Entwicklung
Sie haben dieses Quiz noch nicht gespielt